000 00690nam a22001937a 4500
003 0
005 20250902152238.0
008 250902b xxu||||| |||| 00| 0 eng d
020 _a978-1-0719-2097-8
050 _aLB 3051
_b.J86 2024
100 _aJung, Lee Ann,
_eauthor.
245 _aAssessing students, not standards :
_bbegin with what matters most /
_cLee Ann Jung.
260 _aThousand Oaks, California :
_bCorwin, a Sage Company,
_c2024.
300 _avii, 269 pages :
_bcolored illustrations ;
_c26 cm.
504 _aIncludes bibliographical references and index.
650 _aEducational tests and measurements.
650 _aGrading and marking (Students).
942 _2lcc
_cBK
999 _c367760
_d367760